Sports Quiz

Random Sports or Cricket Quiz

Ashes Cricketers: 2013 Quiz Stats

 Plays Quiz not verified by Sporcle

Challenge
Share
Tweet
Embed
Score 0/31 Timer 05:00
0 Plays Today
Number of Games Player % Correct
EnglandAlastair Cook (c)
98.1%
EnglandJames Anderson
95.7%
AustraliaMichael Clarke (c)
95.7%
EnglandIan Bell
94.1%
EnglandStuart Broad
94.1%
EnglandJoe Root
91.9%
EnglandGraeme Swann
90.6%
EnglandKevin Pietersen
88.3%
EnglandMatt Prior (wk)
88.1%
EnglandJonathan Trott
85.7%
AustraliaBrad Haddin
83.9%
AustraliaShane Watson
82%
AustraliaDavid Warner
80.4%
AustraliaPeter Siddle
78.7%
AustraliaSteve Smith
77.6%
AustraliaAshton Agar
75.9%
Number of Games Player % Correct
AustraliaNathan Lyon
74.8%
EnglandTim Bresnan
72.8%
EnglandSteven Finn
72.8%
AustraliaRyan Harris
72.6%
AustraliaChris Rogers
71.3%
EnglandJonny Bairstow
70.6%
AustraliaMitchell Starc
70.6%
AustraliaPhillip Hughes
66.7%
EnglandChris Woakes
62.6%
EnglandSimon Kerrigan
55.7%
AustraliaUsman Khawaja
55%
AustraliaJames Pattinson
54.6%
AustraliaEd Cowan
45.7%
AustraliaJames Faulkner
41.1%
AustraliaJackson Bird
37%

You're not logged in!

Compare scores with friends on all Sporcle quizzes.
OR
Log In

You Might Also Like...

Show Comments

Extras

Top Quizzes Today


Score Distribution

Your Account Isn't Verified!

In order to create a playlist on Sporcle, you need to verify the email address you used during registration. Go to your Sporcle Settings to finish the process.

Report this User

Report this user for behavior that violates our Community Guidelines.

Details: